000 00837nam a2200289Ia 4500
001 Para_1903
003 CHAP
008 220125s1953 xx 000 0 und d
010 _a200383
040 _cCHAP
082 _aPA 590.12 M3
100 _aMayr, Ernst
_973289
245 _aMethods and principles of sistematic zoology /
_c by Ernst Mayr, E. Goton Linsley and Robert L. Usinger
260 _aNew York :
_b Mc.Graw Hill
300 _a328 p.
650 _aZoología
_x clasificación
_9124164
650 _aZoología
_x nomenglatura
_9165253
700 _aLisnley, E. Goton
_9165254
700 _aUsinger, Robert L.
_9165255
901 _aPA 590.12 M3
902 _aM
905 _a0000001953 a 0000000000 00
910 _a1953
942 _cPARA
942 _cPARA
_d1
999 _c200383
_d200383